000 00452nam a22001697a 4500
005 20251108174738.0
008 250721s2005 xx 000 0 eng d
020 _a1400306434
082 1 4 _aJ/F/BUZ
245 1 0 _aBuzby the Misbehaving Bee /
264 1 _aد.م :
_btommy nelson,
_c[2005].
300 _a[ 20 P]
650 1 7 _aCHILDREN
653 _aأطفال مرحلة متوسطة ( 6 - 9 سنوات )
942 _2ddc
_cBK
999 _c116952
_d116952